nom des pays européens en russe - Statistiques

Statistiques générales
  • Ce quiz a été pris 130 fois
  • Le résultat moyen est 32 sur 46
Statistiques - réponses
pays en Russe pays en francais % Correct
Босния и Герцеговина Bosnie-Herzégovine
91%
Монако Monaco
91%
Россия Russie
91%
Косово Kosovo
87%
Словения Slovénie
82%
Франция France
80%
Сан-Марино Saint-Marin
80%
Македония Macédoine
79%
Андорра Andorre
78%
Белоруссия Biélorussie
78%
Молдавия Moldavie
78%
Норвегия Norvège
78%
Ватикан Vatican
76%
Германия Allemagne
75%
Дания Danemark
75%
Ирландия Irlande
75%
Словакия Slovaquie
75%
Украина Ukraine
75%
Эстония Estonie
74%
Италия Italie
74%
Мальта Malte
74%
Бельгия Belgique
73%
Португалия Portugal
73%
Сербия Serbie
73%
Турция Turquie
73%
Албания Albanie
72%
Польша Pologne
72%
Финляндия Finlande
71%
Люксембург Luxembourg
71%
Болгария Bulgarie
69%
Австрия Autriche
68%
Латвия Lettonie
68%
Греция Grèce
66%
Исландия Islande
66%
Нидерланды Pays-Bas
66%
Румыния Roumanie
66%
Испания Espagne
65%
Чехия République tchèque
64%
Литва Lituanie
59%
Лихтенштейн Liechtenstein
58%
Швейцария Suisse
44%
Венгрия Hongrie
41%
Соединённое Королевство Royaume Uni
40%
Хорватия Croatie
38%
Швеция Suède
35%
Черногория Monténégro
24%
Aucun quiz correspondant
Distribution des résultats
% des personnes avec chaque résultat
Percentile par nombre de réponses
Votre historique - résultats
Vous n’avez pas pris ce quiz